|
|
|
|
| LEADER |
00000cam a2200000 c 4500 |
| 001 |
1614009325 |
| 003 |
DE-627 |
| 005 |
20220605152600.0 |
| 007 |
tu |
| 008 |
111122s2011 fr ||||| 00| ||fre c |
| 020 |
|
|
|a 2200272170
|c br
|9 2-200-27217-0
|
| 020 |
|
|
|a 9782200272173
|c br
|9 978-2-200-27217-3
|
| 035 |
|
|
|a (DE-627)1614009325
|
| 035 |
|
|
|a (DE-576)353459232
|
| 035 |
|
|
|a (DE-599)BSZ353459232
|
| 035 |
|
|
|a (OCoLC)758540675
|
| 040 |
|
|
|a DE-627
|b ger
|c DE-627
|e rakwb
|
| 041 |
|
|
|a fre
|
| 044 |
|
|
|c XA-FR
|
| 100 |
1 |
|
|a Salem, Gérard
|d 1946-2018
|0 (DE-588)1014633702
|0 (DE-627)667556982
|0 (DE-576)179400258
|4 aut
|
| 109 |
|
|
|a Salem, Gérard 1946-2018
|a Salem, G. 1946-2018
|
| 245 |
1 |
3 |
|a La maltraitance familiale
|b dévoiler, intervenir, transformer
|c Gérard Salem. Avec la collab. de Nahum Frenck ...
|
| 264 |
|
1 |
|a Paris
|b Colin
|c 2011
|
| 300 |
|
|
|a 327 S.
|b graph. Darst.
|c 24 cm
|
| 336 |
|
|
|a Text
|b txt
|2 rdacontent
|
| 337 |
|
|
|a ohne Hilfsmittel zu benutzen
|b n
|2 rdamedia
|
| 338 |
|
|
|a Band
|b nc
|2 rdacarrier
|
| 490 |
0 |
|
|a Regards psy
|
| 500 |
|
|
|a Literaturverz. S. [275] - 288
|
| 650 |
|
0 |
|a Violence familiale
|
| 650 |
|
0 |
|a Violence envers les enfants
|
| 650 |
|
0 |
|a Thérapie familiale
|
| 700 |
1 |
|
|a Frenck, Nahum
|4 oth
|
| 856 |
4 |
2 |
|u https://swbplus.bsz-bw.de/bsz353459232inh.htm
|m B:DE-576;DE-Frei85
|q application/pdf
|v 20120110144043
|x Verlag
|3 Inhaltsverzeichnis
|7 1
|
| 935 |
|
|
|a mkri
|
| 951 |
|
|
|a BO
|
| ELC |
|
|
|b 1
|
| LOK |
|
|
|0 000 xxxxxcx a22 zn 4500
|
| LOK |
|
|
|0 001 3180074574
|
| LOK |
|
|
|0 003 DE-627
|
| LOK |
|
|
|0 004 1614009325
|
| LOK |
|
|
|0 005 20111228094419
|
| LOK |
|
|
|0 008 111122||||||||||||||||ger|||||||
|
| LOK |
|
|
|0 040
|a DE-Frei85
|c DE-627
|d DE-Frei85
|
| LOK |
|
|
|0 852
|a DE-Frei85
|
| LOK |
|
|
|0 852 1
|m p
|9 00
|
| LOK |
|
|
|0 938
|k p
|
| LOK |
|
|
|0 939
|a 22-11-11
|b l01
|
| ORI |
|
|
|a SA-MARC-krimdoka001.raw
|